000 01501nam a2200397 c 4500
999 _c88358
_d88358
003 BLK
005 20241109134606.0
008 180408b bul|||||r ||||||| ||bul||
010 _aKNG00093020000
020 _a9789547335707
040 _aBLK
041 _aBUL
_cBUL
080 _aТехника на транспортните средства
_b629
_z629
100 1 _aХарисън, Пол
_eпърви автор
_9303134
139 _aХарисън, Пол
_bХ 27
245 1 0 _aВисоки скорости
_cПол Харисън; прев. от англ. Константин,Цанков.
257 _aGBR
260 _bПрозорец
_c2008
_fотпеч. в Китай
_aСофия
300 _a16 с.
_bс цв. ил.
_c28 см
_e1 чифт 3D очила
380 _aDN
490 1 _a3-D приключения!
500 _aБез сведение за ориг. загл. - Авт. не е отбелязан на кор. - Офс. изд.
650 4 _aТранспорт
_9173907
653 _aтранспорт
653 _aскорост
653 _aлитература за деца
653 _aдетска литература
700 1 _aЦанков, Константин Николаев
_eпрев. от англ.
_9372242
852 _aЦб ІІ 15922
856 4 _qpdf
856 4 _qpdf
942 _cKNG
_n0
_038
_s1
944 _aCR
_c14.12.2009
_lРадостина Карадакова
_k30534
944 _aED
_c01.12.2010
_lф /
999 _d88358